<?xml version="1.0" encoding="UTF-8"?>
<collection xmlns="http://www.loc.gov/MARC21/slim">
 <record>
  <leader>01093pam a22002538a 4500</leader>
  <controlfield tag="001">00000266</controlfield>
  <controlfield tag="005">20171026081022.0</controlfield>
  <controlfield tag="008">110318s1984                  ||||||Viesd</controlfield>
  <datafield tag="041" ind1="0" ind2="#">
   <subfield code="a">Vie</subfield>
  </datafield>
  <datafield tag="082" ind1="1" ind2="4">
   <subfield code="a">370.11</subfield>
   <subfield code="b">CH500NGH</subfield>
  </datafield>
  <datafield tag="100" ind1="0" ind2="#">
   <subfield code="a">Nguyễn Sỹ Tỳ</subfield>
  </datafield>
  <datafield tag="245" ind1="0" ind2="0">
   <subfield code="a">Chủ nghĩa nhân đạo Cộng sản với vấn đề giáo dục thế hệ trẻ</subfield>
   <subfield code="c">Nguyễn Sỹ Tỳ, Vũ Khiêu, Hoàng Ngọc Hiến ...(Nhiều người khác )</subfield>
  </datafield>
  <datafield tag="260" ind1="#" ind2="#">
   <subfield code="a">[Kđ]</subfield>
   <subfield code="b">Giáo dục</subfield>
   <subfield code="c">1984</subfield>
  </datafield>
  <datafield tag="300" ind1="#" ind2="#">
   <subfield code="a">180 tr.</subfield>
   <subfield code="c">20 cm.</subfield>
  </datafield>
  <datafield tag="650" ind1="#" ind2="4">
   <subfield code="a">Giáo dục</subfield>
  </datafield>
  <datafield tag="653" ind1="#" ind2="#">
   <subfield code="a">Chủ nghĩa nhân đạo</subfield>
   <subfield code="a">Cải cách giáo dục</subfield>
   <subfield code="a">Giáo dục</subfield>
   <subfield code="a">Thế hệ trẻ</subfield>
   <subfield code="a">Nhân đạo cộng sản</subfield>
  </datafield>
  <datafield tag="700" ind1="0" ind2="#">
   <subfield code="a">Hoàng Ngọc Hiến</subfield>
  </datafield>
  <datafield tag="700" ind1="0" ind2="#">
   <subfield code="a">Vũ khiêu</subfield>
  </datafield>
  <datafield tag="852" ind1="#" ind2="#">
   <subfield code="b">Kho mượn</subfield>
   <subfield code="j">KM.0001539</subfield>
  </datafield>
  <datafield tag="852" ind1="#" ind2="#">
   <subfield code="b">Kho đọc</subfield>
   <subfield code="j">KD.0000512</subfield>
  </datafield>
  <datafield tag="852" ind1="#" ind2="#">
   <subfield code="j">KGT.0018571, KGT.0018572, KGT.0018573, KGT.0018574, KGT.0018575</subfield>
   <subfield code="b">Kho giáo trình</subfield>
  </datafield>
  <datafield tag="852" ind1="#" ind2="#">
   <subfield code="j">KM.0001539</subfield>
   <subfield code="j">KD.0000512</subfield>
  </datafield>
  <datafield tag="910" ind1=" " ind2=" ">
   <subfield code="d">18/03/2011</subfield>
  </datafield>
  <datafield tag="980" ind1="#" ind2="#">
   <subfield code="a">Trung tâm Học liệu Lê Vũ Hùng, Trường Đại học Đồng Tháp</subfield>
  </datafield>
 </record>
</collection>
